| 000 | 00603cam a2200205 a 4500 | ||
|---|---|---|---|
| 001 | 000009411 | ||
| 005 | 20200929161602.0 | ||
| 008 | 990910s1999 ec 001 j spa | ||
| 020 | _a9978160086 | ||
| 040 |
_aDO-SdBNP _cDLC |
||
| 082 |
_aE863.44 _bA553d |
||
| 100 | 1 |
_aAndrade, Carolina, _d1963- _924118 |
|
| 245 | 1 | 0 |
_aDe luto : _bcuentos / _cCarolina Andrade. |
| 260 |
_aQuito, (Ecuador) : _bEskeletra, _c1999. |
||
| 300 |
_a125 p. ; _c21 cm. |
||
| 650 | 4 |
_aCuentos ecuatorianos _917829 |
|
| 650 | 4 |
_aLiteratura ecuatoriana _ySIGLO XX _914420 |
|
| 910 | _aCatalogación por copia / LC | ||
| 049 | _aBNGR | ||
| 999 |
_c9171 _d9171 |
||